Central Library OPAC University of Rajshahi
Normal view MARC view

Entry Personal Name

Number of records used in: 2

001 - CONTROL NUMBER

  • control field: 10143

003 - CONTROL NUMBER IDENTIFIER

  • control field: BD-RjUL

005 - DATE AND TIME OF LATEST TRANSACTION

  • control field: 20231122110851.0

008 - FIXED-LENGTH DATA ELEMENTS

  • fixed length control field: 231122|| aca||aabn | a|a d

040 ## - CATALOGING SOURCE

  • Original cataloging agency: BD-RjUL
  • Transcribing agency: BD-RjUL

100 ## - HEADING--PERSONAL NAME

  • Personal name: Dilruba, Sayada

670 ## - SOURCE DATA FOUND

  • Source citation: Work cat.: (BD-RjUL)82327: Dilruba, Sayada, Investigation of the Ameliorating Effects of Dietary Supplementations of Plant Materials on Sodium Arsenite-Induced Biochemical and Molecular Perturbation in Mice /, 2015